• 首页
  • 本馆介绍
  • 公告通知
  • 最新文献
  • 馆藏检索
  • 电子资源
  • 读者导购
  • 参考咨询
  • 我的图书馆
  • 登录
  • 详细信息显示
  • 放入我的书架
  • 预约/预借图书
  • 作者相关作品
  • 分类相关作品
  • 丛书相关作品
  • 出版社相关作品

书目信息

  • 表格格式
  • 工作单格式
  • 卡片格式
题名:
预防未成年人犯罪法律知识百问百答
    
 
作者: 孙培江, 主编
分册:  
出版信息: 北京   中国民主法制出版社  2022.06
页数: 216页
开本: 24cm
丛书名: 未成年人权益法律保护系列
单 册:
中图分类: D922.74
科图分类:
主题词: 未成年人保护法--wei cheng nian ren bao hu fa--预防犯罪--基本知识--中国
电子资源:
ISBN: 978-7-5162-2769-5
000 01465nam 2200277 450
001 CAL 012022000581
005 20230217093113.0
010    @a978-7-5162-2769-5@dCNY56.00
100    @a20220822d2022 em y0chiy0120 ea
101 0  @achi
102    @aCN@b110000
105    @ay a 000yy
106    @ar
200 1  @a预防未成年人犯罪法律知识百问百答@Ayu fang wei cheng nian ren fan zui fa lv zhi shi bai wen bai da@f孙培江主编
210    @a北京@c中国民主法制出版社@d2022.06
215    @a216页@d24cm
225 2  @a未成年人权益法律保护系列@Awei cheng nian ren quan yi fa lv bao hu xi lie
314    @a孙培江, 男, 1965年1月出生, 汉族, 1982年9月参加工作, 现任上海市长宁区人民法院党组书记、院长, 一级高级法官。
320    @a有书目
330    @a本书紧扣预防未成年人犯罪及其权益保护的社会关注热点, 由从事未成年人司法审判经验丰富的优秀法官主编创作。根据新修订的预防未成年人犯罪法的最新规定, 结合预防犯罪教育、不良行为干预及矫治、重新犯罪的预防等方面, 对其必备的法律知识给予解答。有助于进一步压实监护人的责任, 加强对学生负担、学生安全、学生欺凌等方面问题的治理, 加强青少年自身素质的培养和提高, 增加抵御犯罪感染的能力 ; 有利于社会各界为切实加强预防未成年人犯罪及其权益保护提供法治保障。
410  0 @12001 @a未成年人权益法律保护系列
606 0  @a未成年人保护法@Awei cheng nian ren bao hu fa@x预防犯罪@x基本知识@y中国
690    @aD922.74@v5
701  0 @a孙培江,@Asun pei jiang@f1965-@4主编
801  0 @aCN@bBJXHZP@c20230228
905    @b1404788-91@dD922.74@e2305@f4
    
    预防未成年人犯罪法律知识百问百答/孙培江主编.-北京:中国民主法制出版社,2022.06
    216页;24cm.-(未成年人权益法律保护系列)
    
    
    ISBN 978-7-5162-2769-5:CNY56.00
    本书紧扣预防未成年人犯罪及其权益保护的社会关注热点, 由从事未成年人司法审判经验丰富的优秀法官主编创作。根据新修订的预防未成年人犯罪法的最新规定, 结合预防犯罪教育、不良行为干预及矫治、重新犯罪的预防等方面, 对其必备的法律知识给予解答。有助于进一步压实监护人的责任, 加强对学生负担、学生安全、学生欺凌等方面问题的治理, 加强青少年自身素质的培养和提高, 增加抵御犯罪感染的能力 ; 有利于社会各界为切实加强预防未成年人犯罪及其权益保护提供法治保障。
●
相关链接 在E读中查询图书 在五车中查询图书 在当当中查询图书 在豆瓣中查询图书


正题名:预防未成年人犯罪法律知识百问百答     索取号:D922.74/2305         预约/预借

序号 登录号 条形码 馆藏地/架位号 状态 备注
1 1404788   214047887   第一样本阅览室/ [索取号:D922.74/2305] 在馆    
2 1404789   214047896   第一借阅区/ [索取号:D922.74/2305] 在馆    
3 1404790   214047903   第一借阅区/ [索取号:D922.74/2305] 在馆    
4 1404791   214047912   第一借阅区/ [索取号:D922.74/2305] 在馆    
唐山师范学院图书馆 欢迎您!
大连网信软件有限公司© 版权所有